Human Resource, Financial Market Development and Economic Growth in Saudi Arabia: a Role of Human Capital
Ľudský kapitál ako kľúčový faktor pri určovaní a urýchlení hospodárskeho rastu v modernom veku. Analýza dopadu ľudských zdrojov a rozvoja finančného trhu na ekonomický rast Saudskej Arábie pomocou údajov z rokov 1970-2017 a uplatnením metód autoregresívneho rozloženia.
Na minha lista:
| Autor principal: | |
|---|---|
| Outros Autores: | |
| Formato: | Capítulo de Livro |
| Idioma: | inglês |
| Assuntos: | |
| Tags: |
Sem tags, seja o primeiro a adicionar uma tag!
|
MARC
| LEADER | 00000nla a2200000 4500 | ||
|---|---|---|---|
| 001 | 0246889 | ||
| 005 | 20240417075143.1 | ||
| 041 | 0 | |a eng | |
| 044 | |a UA | ||
| 245 | 1 | 0 | |a Human Resource, Financial Market Development and Economic Growth in Saudi Arabia: a Role of Human Capital |c Haider Mahmood, Nasser Saad Alkahtani |
| 520 | |a Ľudský kapitál ako kľúčový faktor pri určovaní a urýchlení hospodárskeho rastu v modernom veku. Analýza dopadu ľudských zdrojov a rozvoja finančného trhu na ekonomický rast Saudskej Arábie pomocou údajov z rokov 1970-2017 a uplatnením metód autoregresívneho rozloženia. | ||
| 610 | 2 | 0 | |a kapitál ľudský |
| 610 | 2 | 0 | |a produktivita práce |
| 610 | 2 | 0 | |a rozvoj hospodársky |
| 610 | 2 | 0 | |a Saudská Arábia |
| 610 | 2 | 0 | |a riadenie ľudských zdrojov |
| 610 | 2 | 0 | |a trh finančný |
| 100 | 1 | |a Mahmood, Haider | |
| 700 | 1 | |a Alkahtani, Nasser Saad | |